Statistics for UEFA Champions League All-Time Leading Goalscorers

Click here to take the quiz!

General Stats

  • This quiz has been taken 74 times
  • The average score is 32 of 50

Answer Stats

Player:% Correct
Cristiano Ronaldo
100%
Lionel Messi
98%
Thierry Henry
95%
Zlatan Ibrahimović
95%
Didier Drogba
94%
Raúl
94%
Robert Lewandowski
94%
Luis Suárez
92%
Andriy Shevchenko
87%
Gareth Bale
87%
Samuel Eto’o
87%
Thomas Müller
87%
Arjen Robben
86%
Karim Benzema
83%
Neymar
83%
Robin van Persie
83%
Alessandro Del Piero
81%
Ruud van Nistelrooy
81%
Edinson Cavani
79%
Sergio Agüero
75%
Wayne Rooney
75%
Frank Lampard
73%
Ryan Giggs
71%
Steven Gerrard
71%
Rivaldo
68%
Edin Džeko
67%
Fernando Torres
65%
Filippo Inzaghi
62%
Kaká
62%
Mario Mandžukić
59%
Antoine Griezmann
57%
Luís Figo
54%
Paul Scholes
54%
David Trezeguet
51%
Gonzalo Higuaín
49%
Jari Litmanen
48%
Mario Gómez
46%
Hernán Crespo
43%
Fernando Morientes
41%
Patrick Kluivert
41%
Claudio Pizarro
37%
Luiz Adriano
33%
Nicolas Anelka
30%
Roy Makaay
27%
Cesc Fàbregas
25%
Sergiy Rebrov
24%
Giovane Élber
21%
Mário Jardel
21%
Lisandro López
10%
Luis Enrique
8%

Score Distribution

Percentile by Number Answered

Percent of People with Each Score

Your Score History

You have not taken this quiz